| 000 | 00492cam a2200193ua 4500 | ||
|---|---|---|---|
| 020 |
_a0-7069-2674-9 _c45.00 |
||
| 041 |
_aeng _h |
||
| 082 |
_a581 _bPAN/TE |
||
| 100 | _aPandey, S.N . | ||
| 245 |
_aText book of Botany, Vol I / _cS.N.Pandey. _hTextual Documents |
||
| 250 |
_a1 / _b. |
||
| 260 |
_aNew Delhi : _bVikas publishing house , _c1985. |
||
| 300 |
_a531 : _b` ; . |
||
| 365 | _a45.00 | ||
| 504 | _a | ||
| 700 | 1 | _aTrivedi, P.S . | |
| 942 | _cBK | ||
| 999 |
_c1789 _d1789 |
||